000 01154nac a22003251i 4500
003 EG-ScBUE
005 20240903124020.0
008 090224t2002 ilua f 001 0 eng d
020 _a0130585084 (part1)
020 _a9780130585080 (part 1)
020 _a0130585092 (part 2)
020 _a9780130585097 (part 2)
040 _aEG-ScBUE
_beng
_erda
_cEG-ScBUE
_dEG-ScBUE
082 0 4 _a512
_bALG
_222
245 0 0 _aAlgebra /
_cThe University of Chicago School Mathematics Project ; John W. McConnell [thirteen others]
250 _bSecond edition.
_aTeacher’s edition.
264 1 _aGlenview, Ill. :
_bPrentice Hall,
_c[2002]
264 4 _cc2002
300 _a2 volumes :
_billustrations (chiefly color) ;
_c31 cm
336 _2rdacontent
_atext
_btxt
337 _aunmediated
_2rdamedia
_bn
338 _avolume
_bnc
_2rdacarrier
500 _aIncludes index.
505 0 _aVolume 1. Chapters 1-6 -- Volume 2. Chapters 7-13.
650 7 _aAlgebra.
_2BUEsh
_94334
655 _vReading book
700 1 _921099
_aMcConnell, John W.,
_eauthor.
710 2 _910584
_aUniversity of Chicago.
_bSchool Mathematics Project,
_eauthor.
942 _cTR
_2ddc
999 _c13008
_d13008